Sociología, filosofía y cibernética /

Guardado en:
Autor Principal: Novikov, Ilia B.
Formato: Libro
Idioma:Spanish
Russian
Publicado: Buenos Aires : Editorial Platina, c1965.
Series:Hechos, ideas y ciencia
Etiquetas: Agregar Etiqueta
Sin Etiquetas, Sea el primero en etiquetar este registro!
LEADER 00794nam a22002055a 4500
001 MAT.inmabb002465
008 980202s1965####ag#######b####001#0#spa#d
005 20151117121029.0
245 1 0 |a Sociología, filosofía y cibernética /  |c Ilía B. Novikov. 
260 |a Buenos Aires :  |b Editorial Platina,  |c c1965. 
300 |a [202] p. ;  |c 20 cm. 
440 0 |a Hechos, ideas y ciencia 
500 |a Traducción de: Kibernetika, filosofskie i sotsiologuicheskie problemi. Moscú : Gospolitizdat, 1963. 
500 |a Traducido por Salomon Merener. 
504 |a Bibliografía: p. [192-197] 
100 1 |a Novikov, Ilia B. 
240 1 0 |a Kibernetika, filosofskie i sotsiologuicheskie problemi.  |l Español 
084 |a 00A05 (91D10 94-01)  |2 msc2000 
041 1 |a spa  |h rus 
859 |h 00A05  |i N943  |p A-8129  |b BIB. MATEMATICA